[Event "EU-ch Seniors 50 16th"]
[Site "Yerevan"]
[Date "2016.06.12"]
[Round "8"]
[White "Chanturia, Tamar"]
[Black "Volobuev, Sergey"]
[Result "0-1"]
[WhiteElo "1626"]
[BlackElo "1763"]
[PlyCount "44"]
[EventDate "2016.06.05"]
[EventType "swiss"]
[EventRounds "9"]
[EventCountry "ARM"]
[SourceTitle "CBM 172 Extra"]
[Source "ChessBase"]
[SourceDate "2016.06.21"]
[SourceVersion "1"]
[SourceVersionDate "2016.06.21"]
[SourceQuality "1"]

1. Nf3 g6 2. d4 Bg7 3. e4 c5 4. c3 cxd4 5. Nxd4 Nc6 6. Nxc6 bxc6 7. Bc4 Nf6 8. e5 Nd5 9. Bxd5 cxd5 10. Qxd5 Ba6 11. Bg5 0-0 12. Nd2 Rb8 13. Nb3 Rb5 14. Nc5 Qb6 15. Bxe7 Rxc5 16. Bxc5 Qxb2 17. c4 Qxa1+ 18. Qd1 Qxe5+ 19. Be3 Bxc4 20. Qc1 Qa5+ 21. Kd1 Qxa2 22. Qc2 Bb3 0-1

[Event "Tambov Korensky Memorial 23rd"]
[Site "Tambov"]
[Date "2014.08.29"]
[Round "7"]
[White "Volobuev, Sergey"]
[Black "Sviridova, Olga Borisovna"]
[Result "1/2-1/2"]
[WhiteElo "1753"]
[BlackElo "1947"]
[PlyCount "51"]
[EventDate "2014.08.23"]
[EventType "swiss"]
[EventRounds "9"]
[EventCountry "RUS"]
[SourceTitle "EXT 2015"]
[Source "ChessBase"]
[SourceDate "2014.11.20"]
[SourceVersion "1"]
[SourceVersionDate "2014.11.20"]
[SourceQuality "1"]

1. e4 e6 2. d4 d5 3. Nc3 Bb4 4. exd5 exd5 5. Bd3 Ne7 6. Qh5 Nbc6 7. Nf3 g6 8. Qh6 Bg4 9. Qg7 Rg8 10. Qf6 Bxf3 11. Qxf3 Nxd4 12. Qf4 Ndc6 13. 0-0 Bd6 14. Qa4 Qd7 15. Bb5 0-0-0 16. Bg5 h6 17. Bxe7 Bxe7 18. Rad1 d4 19. Bxc6 Qxc6 20. Nb5 Bc5 21. Nxa7+ Bxa7 22. Qxa7 b6 23. Qa6+ Qb7 24. Qc4 Qd5 25. Qa6+ Qb7 26. Qc4 1/2-1/2

[Event "Tambov Korensky Memorial 23rd"]
[Site "Tambov"]
[Date "2014.08.27"]
[Round "5"]
[White "Volobuev, Sergey"]
[Black "Dukov, Andrey V"]
[Result "1-0"]
[WhiteElo "1753"]
[BlackElo "2007"]
[PlyCount "47"]
[EventDate "2014.08.23"]
[EventType "swiss"]
[EventRounds "9"]
[EventCountry "RUS"]
[SourceTitle "EXT 2015"]
[Source "ChessBase"]
[SourceDate "2014.11.20"]
[SourceVersion "1"]
[SourceVersionDate "2014.11.20"]
[SourceQuality "1"]

1. e4 e5 2. Nc3 g6 3. d4 Bg7 4. dxe5 Bxe5 5. Nf3 Nc6 6. Nxe5 Nxe5 7. Bf4 Nc6 8. Bc4 d6 9. 0-0 Be6 10. Bb5 Bd7 11. Re1 f6 12. Nd5 Kf7 13. c4 Ne5 14. Bxd7 Qxd7 15. c5 c6 16. Ne3 dxc5 17. Qb3+ c4 18. Nxc4 Nxc4 19. Qxc4+ Qe6 20. Qb4 b6 21. Rad1 c5 22. Qa4 Qe8 23. Rd7+ Kf8 24. Bd6+ 1-0

[Event "Borisoglebsk Summer op"]
[Site "Borisoglebsk"]
[Date "2014.06.07"]
[Round "3"]
[White "Bakhteev, Bakhtiyar"]
[Black "Volobuev, Sergey"]
[Result "0-1"]
[WhiteElo "1767"]
[BlackElo "1747"]
[PlyCount "58"]
[EventDate "2014.06.06"]
[EventType "swiss"]
[EventRounds "9"]
[EventCountry "RUS"]
[SourceTitle "EXT 2015"]
[Source "ChessBase"]
[SourceDate "2014.11.20"]
[SourceVersion "1"]
[SourceVersionDate "2014.11.20"]
[SourceQuality "1"]

1. e4 g6 2. d4 Bg7 3. e5 d6 4. f4 dxe5 5. fxe5 c5 6. c3 Nc6 7. Be3 Nh6 8. Bb5 0-0 9. Bxc6 bxc6 10. Nf3 Ng4 11. Bf4 Ba6 12. Qd2 Qd5 13. h3 Qe4+ 14. Kd1 Nf2+ 15. Qxf2 Qxf4 16. Nbd2 Rfd8 17. g3 Qf5 18. g4 Qd3 19. Ng5 f6 20. Ne6 fxe5 21. Nxd8 Rxd8 22. dxe5 Bh6 23. Rh2 Qb5 24. Qe1 Qxb2 25. Rc1 Bb5 26. Rc2 Qa1+ 27. Rc1 Qxa2 28. g5 Bxg5 29. Rf2 Ba4+ 0-1

[Event "Anna Gagarin Memorial"]
[Site "Anna"]
[Date "2014.05.02"]
[Round "5"]
[White "Volobuev, Sergey"]
[Black "Loskutov, Vladislav"]
[Result "0-1"]
[WhiteElo "1765"]
[BlackElo "2034"]
[PlyCount "32"]
[EventDate "2014.04.30"]
[EventType "swiss"]
[EventRounds "9"]
[EventCountry "RUS"]
[SourceTitle "CBM 160 Extra"]
[Source "ChessBase"]
[SourceDate "2014.07.01"]
[SourceVersion "1"]
[SourceVersionDate "2014.07.01"]
[SourceQuality "1"]

1. e4 d6 2. Bc4 Nf6 3. Nc3 g6 4. Nf3 Bg7 5. 0-0 Bg4 6. h3 Bxf3 7. Qxf3 e5 8. d4 Nbd7 9. dxe5 Nxe5 10. Qe2 Nxc4 11. Qxc4 0-0 12. Bg5 Qd7 13. Rad1 Qc6 14. Qe2 Rfe8 15. f3 Nh5 16. Nd5 Ng3 0-1

[Event "Voronezh op-B 17th"]
[Site "Voronezh"]
[Date "2013.06.14"]
[Round "3"]
[White "Volobuev, Sergey"]
[Black "Ioffe, Evgeny"]
[Result "0-1"]
[WhiteElo "1818"]
[BlackElo "2029"]
[PlyCount "70"]
[EventDate "2013.06.12"]
[EventType "swiss"]
[EventRounds "9"]
[EventCountry "RUS"]
[SourceTitle "EXT 2014"]
[Source "ChessBase"]
[SourceDate "2013.11.20"]
[SourceVersion "1"]
[SourceVersionDate "2013.11.20"]
[SourceQuality "1"]

1. e4 c6 2. c4 d5 3. exd5 cxd5 4. cxd5 Nf6 5. Nc3 g6 6. Qb3 Bg7 7. Nf3 0-0 8. d4 Nbd7 9. Bf4 Nb6 10. Bc4 Nxc4 11. Qxc4 b6 12. Bc7 Qd7 13. Ne5 Qf5 14. Nc6 Re8 15. 0-0 Bb7 16. Rae1 Qd7 17. Be5 Rac8 18. Bxf6 Bxf6 19. Qa4 Bxc6 20. dxc6 Rxc6 21. d5 Rd6 22. Qxd7 Rxd7 23. Ne4 Bxb2 24. d6 e6 25. Rb1 Bg7 26. Rbc1 f5 27. Ng5 h6 28. Nf3 Red8 29. Rc7 Rxc7 30. dxc7 Rc8 31. Rc1 Kf7 32. h4 Ke7 33. h5 gxh5 34. Nh4 Kd7 35. Ng6 Rxc7 0-1

[Event "Voronezh Autumn IRT"]
[Site "Voronezh"]
[Date "2012.10.03"]
[Round "2.6"]
[White "Volobuev, Sergey"]
[Black "Loskutov, Sviatoslav"]
[Result "0-1"]
[WhiteElo "1824"]
[BlackElo "1732"]
[PlyCount "48"]
[EventDate "2012.10.02"]
[EventType "swiss"]
[EventRounds "9"]
[EventCountry "RUS"]
[SourceTitle "EXT 2022"]
[Source "ChessBase"]
[SourceDate "2021.10.06"]
[SourceVersion "1"]
[SourceVersionDate "2021.10.06"]
[SourceQuality "1"]

1. e4 c5 2. c3 Nc6 3. d4 d5 4. exd5 Qxd5 5. Nf3 Bg4 6. Be2 cxd4 7. cxd4 e6 8. Nc3 Bb4 9. 0-0 Qa5 10. Be3 Nf6 11. Qb3 0-0 12. a3 Bxc3 13. bxc3 Qc7 14. Rab1 Na5 15. Qb5 a6 16. Qb6 Qxb6 17. Rxb6 Nd5 18. Rb2 Rac8 19. h3 Bxf3 20. Bxf3 b5 21. Bxd5 exd5 22. a4 bxa4 23. Ra2 Rc4 24. Rc1 Nb3 0-1

[Event "Lipetsk Region-ch"]
[Site "Lipetsk"]
[Date "2010.03.30"]
[Round "9"]
[White "Geranichev, Mikhail"]
[Black "Volobuev, Sergey"]
[Result "1/2-1/2"]
[WhiteElo "1929"]
[BlackElo "1834"]
[PlyCount "23"]
[EventDate "2010.03.22"]
[EventType "swiss"]
[EventRounds "9"]
[EventCountry "RUS"]
[SourceTitle "EXT 2011"]
[Source "ChessBase"]
[SourceDate "2010.11.26"]
[SourceVersion "1"]
[SourceVersionDate "2010.11.26"]
[SourceQuality "1"]

1. e4 g6 2. d4 Bg7 3. f4 c6 4. Nf3 d5 5. e5 Nh6 6. c4 0-0 7. Nc3 Bg4 8. Be2 Nf5 9. cxd5 cxd5 10. 0-0 Nc6 11. h3 Bxf3 12. Bxf3 1/2-1/2

[Event "Lipetsk Region-ch"]
[Site "Lipetsk"]
[Date "2010.03.25"]
[Round "4"]
[White "Malinin, Sergey Alekseevich"]
[Black "Volobuev, Sergey"]
[Result "1/2-1/2"]
[WhiteElo "2000"]
[BlackElo "1834"]
[PlyCount "42"]
[EventDate "2010.03.22"]
[EventType "swiss"]
[EventRounds "9"]
[EventCountry "RUS"]
[SourceTitle "EXT 2011"]
[Source "ChessBase"]
[SourceDate "2010.11.26"]
[SourceVersion "1"]
[SourceVersionDate "2010.11.26"]
[SourceQuality "1"]

1. d4 g6 2. e4 Bg7 3. c4 d6 4. Nc3 Nc6 5. Be3 Nf6 6. f3 Bd7 7. Qd2 0-0 8. g4 e5 9. Nge2 exd4 10. Nxd4 Nxd4 11. Bxd4 Re8 12. 0-0-0 a6 13. h4 h5 14. g5 Nh7 15. Bxg7 Kxg7 16. c5 Be6 17. cxd6 cxd6 18. Qxd6 Qa5 19. Qd4+ Kg8 20. Bc4 Rad8 21. Nd5 Rc8 1/2-1/2

[Event "Elets-C op"]
[Site "Elets"]
[Date "2009.09.13"]
[Round "3"]
[White "Ryakhovskiy, Alexander"]
[Black "Volobuev, Sergey"]
[Result "1-0"]
[WhiteElo "1947"]
[BlackElo "1823"]
[PlyCount "51"]
[EventDate "2009.09.12"]
[EventType "swiss"]
[EventRounds "9"]
[EventCountry "RUS"]
[SourceTitle "CBM 132 Extra"]
[Source "ChessBase"]
[SourceDate "2009.11.03"]
[SourceVersion "1"]
[SourceVersionDate "2009.11.03"]
[SourceQuality "1"]

1. e4 g6 2. d4 Bg7 3. Be3 c6 4. Nc3 d5 5. e5 Nh6 6. Qd2 Nf5 7. Bf4 c5 8. dxc5 d4 9. Ne4 Qd5 10. f3 Nc6 11. g4 Nh4 12. Qf2 Nxf3+ 13. Qxf3 Bxg4 14. Nf6+ exf6 15. Qxd5 0-0 16. Bh3 Bxh3 17. Nxh3 fxe5 18. Bg3 Rad8 19. Qc4 Bh6 20. Bh4 Rde8 21. Ng5 e4 22. Rf1 Ne5 23. Qxd4 Bg7 24. Qd5 Ng4 25. Rxf7 Bxb2 26. Rxh7+ 1-0

[Event "Elets-C op"]
[Site "Elets"]
[Date "2009.09.13"]
[Round "2"]
[White "Volobuev, Sergey"]
[Black "Moiseenko, Vladimir1111"]
[Result "1-0"]
[WhiteElo "1823"]
[BlackElo "2404"]
[PlyCount "91"]
[EventDate "2009.09.12"]
[EventType "swiss"]
[EventRounds "9"]
[EventCountry "RUS"]
[SourceTitle "CBM 132 Extra"]
[Source "ChessBase"]
[SourceDate "2009.11.03"]
[SourceVersion "1"]
[SourceVersionDate "2009.11.03"]
[SourceQuality "1"]

1. e4 c5 2. c3 e6 3. d4 d5 4. exd5 exd5 5. Nf3 Bd6 6. dxc5 Bxc5 7. Bb5+ Bd7 8. Qxd5 Bxf2+ 9. Kxf2 Qb6+ 10. Be3 Qxb5 11. Qxb5 Bxb5 12. Bd4 f6 13. Na3 Bd7 14. Nc4 b5 15. Rhe1+ Kd8 16. Nd6 Nh6 17. Rad1 Kc7 18. Bc5 Na6 19. Ba3 Rad8 20. Re7 Rhg8 21. Nxb5+ Kb6 22. Rexd7 Rxd7 23. Rxd7 Kxb5 24. Rxa7 Ng4+ 25. Kg3 Ne3 26. Nd4+ Kb6 27. Rf7 Nc5 28. Kf2 Ng4+ 29. Kg3 Ne5 30. Bxc5+ Kxc5 31. Rb7 Kc4 32. Ne6 Nd3 33. Rxg7 Rxg7+ 34. Nxg7 Nxb2 35. Ne8 f5 36. Kf4 Kxc3 37. Kxf5 Nc4 38. g4 Kd4 39. h4 Ne3+ 40. Kg5 h6+ 41. Kh5 Ke5 42. a4 Ke6 43. a5 Nd5 44. a6 Kf7 45. a7 Nb6 46. Nc7 1-0